00633 2200229 4500001002100000005001500021035002500036008004100061020001800102041000800120082001000128090001000138100002000148245005900168250002000227260004500247300004100292650002700333700001800360084001600378990000900394INLIS00000000000499420240822080939 a0010-051300000004994240822 0 ind  a979-22-0889-5 aind a158.2 a158.2 aEileen, Rachman1 aGaul Meraih Lebih Banyak Kesempatan /cEileen, Rachman aCetakan Pertama aJakarta :bGramedia Pustaka Utama,c2004 a131 Halaman :bIlustrasi ;c13x13 Cm 4aHubungan Antar Manusia aPetrina, Omar a158.2 EIL g a5482